000 00408nam a22001457a 4500
005 20251209150903.0
008 251205b |||||||| |||| 00| 0 eng d
020 _a9781408730478
082 _aDFic Sp263 2023
100 _aSparks, Nicholas.
_968866
245 _aDear John /
_cNicholas Sparks.
260 _aLondon :
_bSphere,
_c©2023.
300 _a338 pages :
_billustrations ;
_c18 cm.
942 _2ddc
_cDFIC
999 _c24215
_d24215